| 000 | 00860naa a2200205 4500 | ||
|---|---|---|---|
| 001 | 2162214035926007 | ||
| 003 | UA-OsUOA | ||
| 005 | 20250528130705.0 | ||
| 008 | 250528b un ||||| |||| 00| 0 ukr d | ||
| 040 |
_aUA-OsUOA _bukr _cUA-OsUOA _dUA-OsUOA |
||
| 041 | _aukr | ||
| 080 | _a908 | ||
| 090 | _a908 | ||
| 100 |
_aПясецький В. _920606 |
||
| 245 |
_aСергій Тимошенко. Митець. Політик. Громадський діяч. Діяльність на Волині в 1930–1939 роках _cВ. Пясецький |
||
| 300 | _aС. 278–279 | ||
| 650 | _2UDC | ||
| 773 | 0 |
_0573184 _9467203 _aМіністерство освіти і науки, молоді та спорту України _dРівне ПП ДМ 2012 _o164888 _tАрхітектурна спадщина Волині _z9786175150863 |
|
| 942 |
_2udc _cBKA |
||
| 999 |
_c578875 _d578875 |
||